| 000 | 00619nam a2200181Ia 4500 | ||
|---|---|---|---|
| 003 | GCL | ||
| 008 | 140319s9999 xx 000 0 ara d | ||
| 040 |
_aGCL / _cGCL |
||
| 082 | 0 | 4 |
_a812.008 _bع ا |
| 100 | 1 | _aعبداللطيف غزالى | |
| 245 | 1 | 0 |
_aاخناتون اول الموحدين: من 1370الى 1352 ق0م0 / _cعبداللطيف غزالى |
| 300 | _a198 ص | ||
| 490 |
_aصور من عصر الفراعنة _v0 |
||
| 650 | 0 | 4 | _aالمسرحيات التاريخية |
| 650 | 0 | 4 | _aالمسرحيات العربية |
| 650 | 0 | 4 | _aالادب العربى - العصر الحديث |
| 942 |
_2ddc _cBK |
||
| 999 |
_c45259 _d45259 |
||